000 00430nam a2200169Ia 4500
008 180921t1962 xxu||||| |||| 00| 0 eng d
041 _aeng
080 _a571
_bCLA
100 _aClark, Grahame
245 _aWorld prehistory
260 _bUniversity press
_aCambridge
_c1962
300 _a283p.,12pl., 22 cm
650 _aAnthropology
_aAborigine
942 _cBK
999 _c13294
_d13294
003 LK-CoDNM
040 _aLK-CoDNM
_dLK-CoDNM
_eLK-CoDNM